000 00399nam a2200181Ia 4500
001 070360
003 YMCAF
005 20230512160631.0
008 100717s9999 ||||||||||||||||| ||und|d
024 _a70360
035 _a9823
040 _aYMCAF
_beng
_cIN-KoLT
041 _aeng
082 _a004.16
_bHAL
100 _aHALL, D V
245 0 _aMICROPROCESSERS & DIGITAL SYSTEMS
942 _2ddc
_cBK
999 _c5660
_d5660